Click Cities - Impossible - Statistics

General Stats
  • This quiz has been taken 17 times
    11 since last reset
  • The average score is 5 of 25
Answer Stats
Hint Answer % Correct
SeaTac Washington
64%
Brookline Massachusetts
55%
Quakertown Pennsylvania
55%
Coos Bay Oregon
45%
Stowe Vermont
45%
Rexburg Idaho
27%
Northfield Minnesota
27%
King Cove Alaska
18%
Window Rock Arizona
18%
Zephyrhills Florida
18%
Hana Hawaii
18%
Nixa Missouri
18%
Hooksett New Hampshire
18%
Sag Harbor New York
18%
Apex North Carolina
18%
Summerville South Carolina
18%
Seaford Delaware
9%
Douglasville Georgia
9%
Ocean Pines Maryland
9%
Bowbells North Dakota
9%
Summersville West Virginia
9%
Rawlins Wyoming
9%
McPherson Kansas
0%
Hammonton New Jersey
0%
Lordsburg New Mexico
0%
No matching quizzes found
Score Distribution
Percent of People with Each Score
Percentile by Number Answered
Your Score History
You have not taken this quiz since the last reset